000 00640cam a22001811 4500
082 _a624.15136
_bTSC
_cL-16, P-17
100 1 _aTschebotarioff, Gregory Porphyriewitch,
_942561
245 1 0 _aSoil mechanics, foundations, and earth structures;
_ban introduction to the theory and practice of design and construction.
250 _a1st ed.
260 _aNew York,
_bMcGraw-Hill,
_c1951.
300 _a655 p.
_billus.
_c24 cm.
526 _a0
_b0
_c0
_d624_151360000000000_TSC
526 _a0
_b0
_c0
_d624_151360000000000_TSC
526 _a0
_b0
_c0
_d624_151360000000000_TSC
650 0 _aMCE
_9379
650 0 _aSoil mechanics.
942 _2ddc
_cBK
999 _c546440
_d546440